000 00566cam a2200217 4500
001 J108712
008 000000n1999 000 0 eng u
035 _a(Sirsi) u108712
050 _a333.337
110 _aFPDSavills
_93625
245 _aGreater M25 industrial warehouse survey - Summer 1999
260 _aLondon
_bFPD Savills
_c1999
300 _a1 folded sheet; 30cm.
650 _aINDUSTRIAL WAREHOUSES
650 _aWAREHOUSES
650 _aM25
650 _aRENTS
650 _aSOUTH EAST
690 _aPROPERTY-COMMERCIAL PROPERTY
942 _n0
999 _c100846
_d100846